[Event "Cattolica Grandiscacchi op 1st"]
[Site "Cattolica"]
[Date "2022.03.01"]
[Round "1"]
[White "Van Foreest, Lucas"]
[Black "Doggers, Peter"]
[Result "1-0"]
[WhiteElo "2572"]
[BlackElo "2125"]
[PlyCount "51"]
[EventDate "2022.03.01"]
[EventType "swiss"]
[EventRounds "9"]
[EventCountry "ITA"]
[SourceTitle "CBM 207 Extra"]
[Source "ChessBase"]
[SourceDate "2022.05.31"]
[SourceVersion "1"]
[SourceVersionDate "2022.05.31"]
[SourceQuality "1"]

1. d4 Nf6 2. c4 g6 3. Nc3 d5 4. cxd5 Nxd5 5. e4 Nxc3 6. bxc3 Bg7 7. Nf3 c5 8. Bb5+ Nc6 9. d5 Qa5 10. Rb1 a6 11. Ba4 b5 12. dxc6 Bxc3+ 13. Bd2 bxa4 14. Qc1 Bxd2+ 15. Qxd2 Qxd2+ 16. Kxd2 Be6 17. Rhc1 Bxa2 18. Rb7 0-0-0+ 19. Ke3 Rd6 20. Ra7 Kb8 21. Rxa6 c4 22. Rxa4 Bb3 23. Rb4+ Kc7 24. Rb7+ Kc8 25. Rxe7 Rhd8 26. Ra1 1-0

[Event "Spilimbergo op 19th"]
[Site "Spilimbergo"]
[Date "2021.08.09"]
[Round "1"]
[White "Lodici, Lorenzo"]
[Black "Doggers, Peter"]
[Result "1-0"]
[WhiteElo "2506"]
[BlackElo "2150"]
[PlyCount "61"]
[EventDate "2021.08.09"]
[EventType "swiss"]
[EventRounds "9"]
[EventCountry "ITA"]
[SourceTitle "CBM 203 Extra"]
[Source "ChessBase"]
[SourceDate "2021.09.30"]
[SourceVersion "1"]
[SourceVersionDate "2021.09.30"]
[SourceQuality "1"]

1. d4 Nf6 2. c4 g6 3. f3 d5 4. cxd5 Nxd5 5. e4 Nb6 6. Be3 Bg7 7. Nc3 0-0 8. Qd2 e5 9. d5 c6 10. h4 cxd5 11. exd5 N8d7 12. h5 Nf6 13. hxg6 fxg6 14. 0-0-0 Bd7 15. Kb1 Rc8 16. Ka1 e4 17. Bd4 Na4 18. Nge2 Qa5 19. Nf4 Nxc3 20. Bxc3 Qa4 21. Be2 e3 22. Qxe3 Ng4 23. fxg4 Bxc3 24. bxc3 Qxf4 25. Qh3 h5 26. Qd3 Qf6 27. gxh5 Rxc3 28. Qxg6+ Qxg6 29. hxg6 Rf2 30. Bd3 Rxg2 31. d6 1-0

[Event "Bunratty Masters op 25th"]
[Site "Bunratty"]
[Date "2018.02.24"]
[Round "2"]
[White "Doggers, Peter"]
[Black "Wells, Peter K"]
[Result "0-1"]
[WhiteElo "2171"]
[BlackElo "2427"]
[PlyCount "100"]
[EventDate "2018.02.23"]
[EventType "swiss"]
[EventRounds "6"]
[EventCountry "IRL"]
[SourceTitle "CBM 183 Extra"]
[Source "ChessBase"]
[SourceDate "2018.04.19"]
[SourceVersion "1"]
[SourceVersionDate "2018.04.19"]
[SourceQuality "1"]

1. e4 c6 2. d4 d5 3. Nc3 dxe4 4. Nxe4 Nd7 5. Nf3 Ngf6 6. Ng3 c5 7. dxc5 e6 8. c6 bxc6 9. Be2 Be7 10. 0-0 0-0 11. c4 Qc7 12. b3 c5 13. Bb2 Bb7 14. Bd3 Rad8 15. Qe2 Qf4 16. Rad1 Bxf3 17. Qxf3 Qxf3 18. gxf3 Nb8 19. Rfe1 Nc6 20. Kg2 g6 21. f4 Rd7 22. Be2 Rfd8 23. Bc3 Nd4 24. Bxd4 Rxd4 25. Kf3 Rd2 26. a3 h5 27. Nf1 Rb2 28. Rb1 Rxb1 29. Rxb1 a5 30. Rd1 Rb8 31. Rd3 Ne8 32. Ne3 Nd6 33. Bd1 f5 34. Bc2 Kf7 35. Rd1 Rb6 36. Ng2 a4 37. bxa4 Nxc4 38. Ne3 Nxa3 39. Bd3 Rb4 40. a5 Ra4 41. a6 c4 42. Be2 Rxa6 43. Nxc4 Nxc4 44. Bxc4 Ra4 45. Rc1 Kf6 46. Bd3 Ra3 47. Ke2 Bd6 48. Rc4 h4 49. Rd4 Ra2+ 50. Kf3 Bc5 0-1

[Event "Liechtenstein op 32nd"]
[Site "Triesen"]
[Date "2014.05.27"]
[Round "5"]
[White "Dittmar, Peter"]
[Black "Doggers, Peter"]
[Result "0-1"]
[WhiteElo "2297"]
[BlackElo "2215"]
[PlyCount "68"]
[EventDate "2014.05.23"]
[EventType "swiss"]
[EventRounds "9"]
[EventCountry "LIE"]
[SourceTitle "CBM 160 Extra"]
[Source "ChessBase"]
[SourceDate "2014.07.01"]
[SourceVersion "1"]
[SourceVersionDate "2014.07.01"]
[SourceQuality "1"]

1. d4 Nf6 2. c4 g6 3. Nc3 Bg7 4. e4 d6 5. f3 0-0 6. Be3 c5 7. d5 e6 8. Qd2 exd5 9. cxd5 a6 10. a4 Re8 11. Nge2 Nbd7 12. Ng3 h5 13. Bg5 Qa5 14. Ra3 Nh7 15. Bh6 Bh8 16. Be2 h4 17. Nf1 f5 18. exf5 gxf5 19. Ne3 Ne5 20. 0-0 Qd8 21. Nc2 b6 22. h3 Ra7 23. Be3 Rae7 24. Bf2 Ng6 25. Bd3 Be5 26. b4 Nf4 27. Bxh4 Nxh3+ 28. Kh1 Nf4 29. bxc5 Nf6 30. Bg5 N6xd5 31. Bxe7 Qxe7 32. Bc4 Qh4+ 33. Kg1 Ne2+ 34. Nxe2 Bh2+ 0-1

[Event "Liechtenstein op 32nd"]
[Site "Triesen"]
[Date "2014.05.25"]
[Round "3"]
[White "Izsak, Gyula"]
[Black "Doggers, Peter"]
[Result "1-0"]
[WhiteElo "2436"]
[BlackElo "2215"]
[PlyCount "39"]
[EventDate "2014.05.23"]
[EventType "swiss"]
[EventRounds "9"]
[EventCountry "LIE"]
[SourceTitle "CBM 160 Extra"]
[Source "ChessBase"]
[SourceDate "2014.07.01"]
[SourceVersion "1"]
[SourceVersionDate "2014.07.01"]
[SourceQuality "1"]

1. d4 Nf6 2. c4 g6 3. g3 Bg7 4. Bg2 c6 5. e4 d6 6. Nc3 0-0 7. Nge2 e5 8. 0-0 Nbd7 9. h3 exd4 10. Nxd4 Re8 11. Be3 Nc5 12. Qc2 a5 13. Rad1 Bd7 14. Bf4 Bf8 15. Nb3 Nxb3 16. Qxb3 Re6 17. Rfe1 Bc8 18. c5 Nh5 19. Bxd6 Bxd6 20. e5 1-0

[Event "Amsterdam Science Park op-A 3rd"]
[Site "Amsterdam"]
[Date "2013.07.06"]
[Round "1"]
[White "Koelewijn, Alex"]
[Black "Doggers, Peter"]
[Result "1/2-1/2"]
[WhiteElo "2060"]
[BlackElo "2227"]
[PlyCount "50"]
[EventDate "2013.07.06"]
[EventType "swiss"]
[EventRounds "9"]
[EventCountry "NED"]
[SourceTitle "CBM 155 Extra"]
[Source "ChessBase"]
[SourceDate "2013.08.26"]
[SourceVersion "1"]
[SourceVersionDate "2013.08.26"]
[SourceQuality "1"]

1. d4 Nf6 2. c4 g6 3. Nc3 d5 4. Bf4 Bg7 5. e3 c5 6. dxc5 Qa5 7. Qa4+ Qxa4 8. Nxa4 Be6 9. cxd5 Nxd5 10. Bb5+ Bd7 11. Bxd7+ Nxd7 12. Rd1 Nxf4 13. exf4 Rc8 14. b4 a5 15. bxa5 Nxc5 16. Nb6 Rc6 17. Ne2 Re6 18. Nd5 Rc6 19. 0-0 e6 20. Nb4 Rc8 21. Nd4 Bxd4 22. Rxd4 Ra8 23. Rc1 Rxa5 24. Nd3 b6 25. g3 0-0 1/2-1/2

[Event "Aegean op 34th"]
[Site "Aghios Kirykos"]
[Date "2011.07.14"]
[Round "7"]
[White "Berzina, Ilze"]
[Black "Doggers, Peter"]
[Result "0-1"]
[WhiteElo "2307"]
[BlackElo "2263"]
[PlyCount "68"]
[EventDate "2011.07.09"]
[EventType "swiss"]
[EventRounds "9"]
[EventCountry "GRE"]
[SourceTitle "CBM 143 Extra"]
[Source "ChessBase"]
[SourceDate "2011.08.29"]
[SourceVersion "1"]
[SourceVersionDate "2011.08.29"]
[SourceQuality "1"]

1. e4 c5 2. Nf3 e6 3. d4 cxd4 4. Nxd4 Nf6 5. Nc3 d6 6. g3 a6 7. Bg2 Be7 8. 0-0 Qc7 9. h3 Nc6 10. a4 Bd7 11. Nde2 Rd8 12. g4 Bc8 13. g5 Nd7 14. f4 b5 15. axb5 axb5 16. Be3 Qb8 17. Ng3 0-0 18. Nh5 d5 19. exd5 Nb6 20. Qg4 exd5 21. Qh4 f5 22. gxf6 Bxf6 23. Nxf6+ Rxf6 24. f5 h6 25. Bf4 Qb7 26. Nxb5 Bxf5 27. Bc7 Rd7 28. Qg3 Nc4 29. Qb3 Nd2 30. Bxd5+ Kh7 31. Bg8+ Kh8 32. Qa2 Rxc7 33. Qa8 Qb6+ 34. Rf2 Rc8 0-1

[Event "Aegean op 34th"]
[Site "Aghios Kirykos"]
[Date "2011.07.11"]
[Round "3"]
[White "Doggers, Peter"]
[Black "Tsiotridis, Panayotis"]
[Result "1-0"]
[WhiteElo "2263"]
[BlackElo "2033"]
[PlyCount "55"]
[EventDate "2011.07.09"]
[EventType "swiss"]
[EventRounds "9"]
[EventCountry "GRE"]
[SourceTitle "CBM 143 Extra"]
[Source "ChessBase"]
[SourceDate "2011.08.29"]
[SourceVersion "1"]
[SourceVersionDate "2011.08.29"]
[SourceQuality "1"]

1. e4 e6 2. d4 d5 3. exd5 exd5 4. Nf3 Bd6 5. c4 c6 6. Nc3 Ne7 7. Bd3 0-0 8. 0-0 dxc4 9. Bxc4 Bg4 10. h3 Bxf3 11. Qxf3 Nd7 12. Bg5 Nb6 13. Bb3 Qd7 14. Rae1 Rae8 15. Bc2 f6 16. Bc1 Bb4 17. a3 Bxc3 18. bxc3 Ned5 19. c4 Nc7 20. Rd1 Qf7 21. d5 cxd5 22. cxd5 Nd7 23. d6 Ne5 24. Qxb7 Ne6 25. d7 Rd8 26. Bb3 Rxd7 27. Qa6 Re7 28. f4 1-0

[Event "Maastricht Limburg op 3rd"]
[Site "Maastricht"]
[Date "2009.05.31"]
[Round "5"]
[White "Winkels, Marcel"]
[Black "Doggers, Peter"]
[Result "1-0"]
[WhiteElo "2102"]
[BlackElo "2279"]
[PlyCount "82"]
[EventDate "2009.05.29"]
[EventType "swiss"]
[EventRounds "7"]
[EventCountry "NED"]
[SourceTitle "CBM 130 Extra"]
[Source "ChessBase"]
[SourceDate "2009.07.02"]
[SourceVersion "2"]
[SourceVersionDate "2009.07.15"]
[SourceQuality "1"]

1. e4 e5 2. Nf3 Nc6 3. Bb5 Nf6 4. d3 Bc5 5. 0-0 Nd4 6. Nxd4 Bxd4 7. c3 Bb6 8. Bg5 c6 9. Ba4 d6 10. Nd2 h6 11. Be3 0-0 12. Bc2 d5 13. Bxb6 Qxb6 14. Rb1 Bg4 15. Qe1 Rfe8 16. Kh1 Rad8 17. a3 c5 18. h3 Bc8 19. Nf3 dxe4 20. dxe4 Be6 21. b3 Qc7 22. Qe3 b5 23. a4 b4 24. Rfc1 Nd7 25. Bd3 Qb6 26. Bb5 a6 27. Bxd7 Bxd7 28. cxb4 Qxb4 29. Rxc5 Rb8 30. Rcc1 f6 31. Rc7 Rb7 32. Rbc1 Be6 33. Nd2 Rd8 34. Rxb7 Qxb7 35. f3 Rd4 36. Qc3 Kh7 37. Nc4 Qd7 38. Kh2 Bxc4 39. bxc4 Qxa4 40. c5 Qc6 41. Qa5 Rd8 1-0

[Event "Vlissingen HZ op 11th"]
[Site "Vlissingen"]
[Date "2007.08.05"]
[Round "2"]
[White "De Wit, Gerard"]
[Black "Doggers, Peter"]
[Result "0-1"]
[WhiteElo "2003"]
[BlackElo "2233"]
[PlyCount "97"]
[EventDate "2007.08.04"]
[EventType "swiss"]
[EventRounds "9"]
[EventCountry "NED"]
[SourceTitle "CBM 119 Extra"]
[Source "ChessBase"]
[SourceDate "2007.09.04"]
[SourceVersion "1"]
[SourceVersionDate "2007.09.04"]
[SourceQuality "1"]

1. d4 Nf6 2. c4 g6 3. Nc3 Bg7 4. e4 d6 5. Be2 0-0 6. Nf3 e5 7. 0-0 Nc6 8. d5 Ne7 9. b4 Nh5 10. Re1 f5 11. Ng5 Nf6 12. Bf3 c6 13. Bb2 cxd5 14. cxd5 fxe4 15. Ngxe4 Nxe4 16. Nxe4 Nf5 17. g3 b5 18. Bg2 Bb7 19. h4 h6 20. Qd3 Qb6 21. Re2 Rac8 22. Rd1 Rc4 23. a3 Ne7 24. Nc3 Nf5 25. Ne4 a6 26. Nd2 Rc7 27. Nb3 Rcf7 28. Rdd2 h5 29. Na5 Bc8 30. Be4 Bd7 31. Rc2 Bh6 32. Kg2 Rg7 33. Nc6 g5 34. hxg5 Bxg5 35. Bxe5 dxe5 36. Nxe5 Nd4 37. Nxd7 Rxd7 38. f4 Nxc2 39. Rxc2 Bh6 40. Bf5 Rg7 41. Rc6 Qxc6 42. dxc6 Bxf4 43. Bd7 h4 44. g4 Bc7 45. Qd5+ Kh8 46. Qh5+ Rh7 47. Qd5 h3+ 48. Kg1 h2+ 49. Kg2 0-1

[Event "Haarlem op"]
[Site "Haarlem"]
[Date "2007.07.01"]
[Round "5"]
[White "Doggers, Peter"]
[Black "Van Vliet, Harry"]
[Result "1/2-1/2"]
[WhiteElo "2233"]
[BlackElo "2023"]
[PlyCount "58"]
[EventDate "2007.06.29"]
[EventType "swiss"]
[EventRounds "6"]
[EventCountry "NED"]
[SourceTitle "EXT 2010"]
[Source "ChessBase"]
[SourceDate "2010.11.25"]
[SourceVersion "1"]
[SourceVersionDate "2010.11.25"]
[SourceQuality "1"]

1. e4 e5 2. Nf3 Nc6 3. Bb5 a6 4. Ba4 Nf6 5. 0-0 Nxe4 6. d4 b5 7. Bb3 d5 8. dxe5 Be6 9. Nbd2 Nc5 10. c3 d4 11. Bxe6 Nxe6 12. cxd4 Ncxd4 13. a4 Be7 14. Nxd4 Nxd4 15. axb5 axb5 16. Rxa8 Qxa8 17. Qg4 Ne6 18. f4 Qa4 19. Qf3 0-0 20. f5 Nd4 21. Qe4 Bc5 22. Kh1 Re8 23. Qd5 Qb4 24. Ne4 Bb6 25. g4 Qe7 26. Bf4 Ne2 27. Qxb5 Nxf4 28. Rxf4 Qxe5 29. Qxe5 Rxe5 1/2-1/2

[Event "Haarlem op"]
[Site "Haarlem"]
[Date "2007.06.29"]
[Round "2"]
[White "Doggers, Peter"]
[Black "Ducarmon, Quinten"]
[Result "1-0"]
[WhiteElo "2233"]
[BlackElo "2033"]
[PlyCount "135"]
[EventDate "2007.06.29"]
[EventType "swiss"]
[EventRounds "6"]
[EventCountry "NED"]
[SourceTitle "EXT 2010"]
[Source "ChessBase"]
[SourceDate "2010.11.25"]
[SourceVersion "1"]
[SourceVersionDate "2010.11.25"]
[SourceQuality "1"]

1. e4 c5 2. Nf3 d6 3. d4 cxd4 4. Nxd4 Nf6 5. Nc3 a6 6. Be2 e5 7. Nb3 Be7 8. 0-0 0-0 9. Kh1 Qc7 10. f4 b5 11. a4 b4 12. Nd5 Nxd5 13. exd5 a5 14. c4 Nd7 15. Be3 exf4 16. Bxf4 Nc5 17. Nxc5 Qxc5 18. Qd2 Bd7 19. b3 f5 20. Be3 Qc7 21. Rad1 Bf6 22. c5 Bc3 23. Qd3 Be5 24. c6 f4 25. Bd4 Bf5 26. Qd2 Bxd4 27. Qxd4 Rae8 28. Bd3 Bxd3 29. Rxd3 Re5 30. h3 g5 31. Qf2 Rff5 32. Qd2 Re4 33. Re1 Rxe1+ 34. Qxe1 Re5 35. Qd1 Qe7 36. Kh2 Kg7 37. Qg4 Re1 38. h4 Kg6 39. Rd4 h5 40. Qxg5+ Qxg5 41. hxg5 Kxg5 42. Rc4 Re8 43. g3 fxg3+ 44. Kxg3 Kf5 45. Kf3 Rh8 46. Rd4 Ke5 47. Rd1 h4 48. Kg2 h3+ 49. Kh2 Rh7 50. Rd3 Rf7 51. Kxh3 Rf1 52. Kg4 Ke4 53. Rd2 Rg1+ 54. Kh5 Rc1 55. Kg6 Ke3 56. Rg2 Ke4 57. Rg5 Rc3 58. Kf6 Rxb3 59. Ke6 Rc3 60. Rg8 Rc5 61. Rg4+ Kf3 62. Kxd6 Rc1 63. Rg8 Ke4 64. c7 b3 65. c8Q b2 66. Qe8+ Kd3 67. Rg3+ Kc2 68. Qe4+ 1-0

[Event "Budapest FS06 IM-A"]
[Site "Budapest"]
[Date "2007.06.10"]
[Round "9"]
[White "Doggers, Peter"]
[Black "Johannesson, Ingvar Thor"]
[Result "0-1"]
[WhiteElo "2247"]
[BlackElo "2299"]
[PlyCount "84"]
[EventDate "2007.06.02"]
[EventType "tourn"]
[EventRounds "11"]
[EventCountry "HUN"]
[EventCategory "1"]
[SourceTitle "CBM 118 Extra"]
[Source "ChessBase"]
[SourceDate "2007.07.04"]
[SourceVersion "1"]
[SourceVersionDate "2007.07.04"]
[SourceQuality "1"]

1. e4 d5 2. exd5 Nf6 3. Nf3 Nxd5 4. d4 Bg4 5. Be2 Nc6 6. 0-0 e6 7. c4 Nb6 8. Be3 Bxf3 9. Bxf3 Nxc4 10. Qa4 Nb6 11. Bxc6+ bxc6 12. Qxc6+ Qd7 13. Qf3 Be7 14. Nd2 0-0 15. Rac1 Nd5 16. b3 a5 17. Ne4 a4 18. Nc5 Bxc5 19. dxc5 c6 20. Rc4 axb3 21. axb3 e5 22. Ra4 Rab8 23. Bd2 Rb5 24. b4 Rfb8 25. Rfa1 h6 26. Qg3 Qe6 27. Re1 Nxb4 28. Rxe5 Qd7 29. Bc3 f6 30. Re1 Nc2 31. Rf1 Rb1 32. Qd6 Rxf1+ 33. Kxf1 Rb1+ 34. Ke2 Qe8+ 35. Kf3 Rb3 36. Qd2 Ne1+ 37. Kf4 Nxg2+ 38. Kg3 Ne1 39. f4 Qg6+ 40. Kf2 Qg2+ 41. Ke3 Qh3+ 42. Kd4 Nf3+ 0-1

[Event "Porto Mannu op"]
[Site "Porto Mannu"]
[Date "2007.05.23"]
[Round "6"]
[White "Doggers, Peter"]
[Black "Grosse Honebrink, Brigitte"]
[Result "1-0"]
[WhiteElo "2247"]
[BlackElo "1945"]
[PlyCount "77"]
[EventDate "2007.05.19"]
[EventType "swiss"]
[EventRounds "9"]
[EventCountry "ITA"]
[SourceTitle "CBM 118 Extra"]
[Source "ChessBase"]
[SourceDate "2007.07.04"]
[SourceVersion "1"]
[SourceVersionDate "2007.07.04"]
[SourceQuality "1"]

1. e4 c5 2. Nf3 Nc6 3. d4 cxd4 4. Nxd4 Nf6 5. Nc3 e5 6. Ndb5 h6 7. Nd6+ Bxd6 8. Qxd6 Qe7 9. Qxe7+ Kxe7 10. Be3 d6 11. f3 Be6 12. 0-0-0 Rac8 13. Be2 Rhd8 14. Kb1 d5 15. exd5 Nxd5 16. Bc5+ Ke8 17. Ne4 Nd4 18. Bd3 Rc7 19. Bd6 Rcc8 20. Bxe5 Nf5 21. g4 Nfe3 22. Rde1 Kf8 23. Rhg1 Nc4 24. Bxc4 Rxc4 25. b3 Rc6 26. c4 Ne7 27. Rd1 Rxd1+ 28. Rxd1 Kg8 29. Rd8+ Kh7 30. h3 Nc8 31. Kb2 f5 32. Ng3 fxg4 33. hxg4 Ne7 34. Nh5 Bf7 35. Nxg7 Ng6 36. Bc3 Rc7 37. Nh5 Nh4 38. f4 Kg6 39. Rd6+ 1-0

[Event "Hoogeveen Essent op"]
[Site "Hoogeveen"]
[Date "2006.10.26"]
[Round "7"]
[White "Doggers, Peter"]
[Black "Van der Veen, Jan"]
[Result "1-0"]
[WhiteElo "2252"]
[BlackElo "2142"]
[PlyCount "81"]
[EventDate "2006.10.21"]
[EventType "swiss"]
[EventRounds "9"]
[EventCountry "NED"]
[SourceTitle "EXT 2007"]
[Source "ChessBase"]
[SourceDate "2006.11.23"]
[SourceVersion "1"]
[SourceVersionDate "2006.11.23"]
[SourceQuality "1"]

1. e4 e5 2. Nf3 Nc6 3. Bb5 a6 4. Ba4 Nf6 5. 0-0 Nxe4 6. d4 b5 7. Bb3 d5 8. dxe5 Be6 9. c3 Be7 10. Nbd2 Nc5 11. Bc2 Bg4 12. Re1 0-0 13. Nb3 Ne6 14. Qd3 g6 15. Bh6 Re8 16. Rad1 Bf5 17. Qd2 Bxc2 18. Qxc2 Qd7 19. h4 a5 20. Nbd2 Rad8 21. Ne4 Qc8 22. Nf6+ Bxf6 23. exf6 Qd7 24. h5 b4 25. Qc1 Qd6 26. Rd3 Nc5 27. Rde3 Rxe3 28. Qxe3 Ne4 29. c4 Nxf6 30. c5 Qd7 31. hxg6 hxg6 32. Qg5 Nh7 33. Qh4 Re8 34. Rd1 d4 35. Nxd4 Rd8 36. Be3 Nf8 37. Rd2 Qe7 38. Qxe7 Nxe7 39. Bg5 Rd7 40. c6 Nxc6 41. Nxc6 1-0

[Event "Hoogeveen Essent op"]
[Site "Hoogeveen"]
[Date "2006.10.25"]
[Round "6"]
[White "Wielenga, Wiebe"]
[Black "Doggers, Peter"]
[Result "1/2-1/2"]
[WhiteElo "2154"]
[BlackElo "2252"]
[PlyCount "100"]
[EventDate "2006.10.21"]
[EventType "swiss"]
[EventRounds "9"]
[EventCountry "NED"]
[SourceTitle "EXT 2007"]
[Source "ChessBase"]
[SourceDate "2006.11.23"]
[SourceVersion "1"]
[SourceVersionDate "2006.11.23"]
[SourceQuality "1"]

1. e4 e5 2. Nf3 Nc6 3. Bb5 a6 4. Ba4 Nf6 5. 0-0 Be7 6. Re1 b5 7. Bb3 d6 8. c3 0-0 9. h3 Na5 10. Bc2 c5 11. d4 Qc7 12. Nbd2 cxd4 13. cxd4 Rd8 14. d5 Bd7 15. Nf1 Rdc8 16. Ne3 Nb7 17. Bd2 Nc5 18. Qb1 a5 19. b3 Bf8 20. Rc1 Qd8 21. Nh2 Nh5 22. Neg4 Nf4 23. Bxf4 exf4 24. e5 h5 25. Bh7+ Kh8 26. Rc3 hxg4 27. hxg4 g6 28. Bxg6 fxg6 29. Qxg6 Bg7 30. Rh3+ Kg8 31. Qh7+ Kf8 32. e6 Nxe6 33. dxe6 Bxe6 34. Re1 Bg8 35. Qe4 Bf7 36. Nf3 d5 37. Qd3 Qd6 38. Nh4 Re8 39. Rd1 Qe5 40. Qxb5 d4 41. Qc6 Rac8 42. Qa6 Kg8 43. Nf5 Rcd8 44. Nxg7 Kxg7 45. Qh6+ Kg8 46. Qh7+ Kf8 47. Qh6+ Ke7 48. Qh4+ Kd6 49. Qh7 Ke7 50. Qh4+ Kf8 1/2-1/2

[Event "Hoogeveen Essent op"]
[Site "Hoogeveen"]
[Date "2006.10.24"]
[Round "5"]
[White "Doggers, Peter"]
[Black "Woudt, Edwin"]
[Result "1/2-1/2"]
[WhiteElo "2252"]
[BlackElo "2072"]
[PlyCount "80"]
[EventDate "2006.10.21"]
[EventType "swiss"]
[EventRounds "9"]
[EventCountry "NED"]
[SourceTitle "EXT 2007"]
[Source "ChessBase"]
[SourceDate "2006.11.23"]
[SourceVersion "1"]
[SourceVersionDate "2006.11.23"]
[SourceQuality "1"]

1. d4 d5 2. c4 c6 3. Nc3 Nf6 4. e3 e6 5. Nf3 Nbd7 6. Bd3 dxc4 7. Bxc4 b5 8. Bd3 Bb7 9. e4 b4 10. Na4 c5 11. e5 Nd5 12. Nxc5 Nxc5 13. dxc5 Bxc5 14. 0-0 h6 15. Nd2 0-0 16. Ne4 Bd4 17. Nd6 Bc6 18. Bh7+ Kxh7 19. Qxd4 f6 20. Bd2 Qd7 21. Rac1 a5 22. Qd3+ f5 23. Rc5 Ne7 24. Rfc1 Ra7 25. Be3 Rfa8 26. Qe2 Ra6 27. h4 Qd8 28. Bg5 hxg5 29. Qh5+ Kg8 30. Qf7+ Kh7 31. Qh5+ Kg8 32. Qf7+ Kh7 33. hxg5 Ng6 34. Rxc6 Qxg5 35. Rc8 Rxc8 36. Rxc8 Rxd6 37. exd6 Qd2 38. g3 Qd1+ 39. Kg2 Nf4+ 40. gxf4 Qg4+ 1/2-1/2